40 Capitales de Oceanía - Estadísticas

Estadísticas generales
  • Esta prueba ha sido intentada 32 veces
    7 desde el último reinicio
  • La puntuación promedio es 12 de 40
Estadísticas de respuestas
Hint Respuesta % Correcto
Samoa Apia
100%
Fiyi Suva
100%
Australia Canberra
83%
Islas Salomón Honiara
83%
Islas Marshall Majuro
83%
Palaos Ngerulmud
83%
Tonga Nukualofa
83%
Micronesia Palikir
83%
Vanuatu Port Vila
83%
Kiribati Tarawa Sur
83%
Nueva Zelanda Wellington
83%
Nauru Yaren
83%
Tuvalu Funafuti
67%
Papua Nueva Guinea Puerto Moresby
50%
Islas Pitcairn Adamstown
0%
Moorea (PF) Āfareaitu
0%
Guam Agaña
0%
Niue Alofi
0%
Tokelau Atafu
0%
Hiva Oa (PF) Atuona
0%
Islas Cook Avarua
0%
Huahine (PF) Fare
0%
Isla Norfolk Kingston
0%
Wallis y Futuna Mata Utu
0%
Rurutu (PF) Moerai
0%
Nueva Caledonia Numea
0%
Fatu Hiva (PF) Omoa
0%
Hao (PF) Otepa
0%
Samoa Americana Pago Pago
0%
Tahití (PF) Papeete
0%
Mangareva (PF) Rikitea
0%
Fakarava (PF) Rotoaova
0%
Islas Marianas del Norte Saipán
0%
Nuku Hiva (PF) Taiohae
0%
Rangiroa (PF) Tiputa
0%
Anaa (PF) Tukuhora
0%
Raiatea (PF) Uturoa
0%
Tahaa (PF) Uturoa
0%
Bora Bora (PF) Vaitape
0%
Islas Cocos West Island
0%
No se encontraron pruebas coincidentes
Distribución de puntuación
Porcentaje de gente con cada puntuación
Porcentaje por número respondido
Historial de tus puntuaciones
No has intentado esta prueba desde el último reinicio